Music Quiz

Random Music Quiz

God Defend New Zealand (Full, Māori) Quiz Stats

Quiz not verified by Sporcle

Challenge
Share
Tweet
Embed
Score 0/137 Timer 15:00
0 Plays Today
Hint Answer % Correct
Verse 1E
89.6%
Verse 2e
89.6%
Verse 3e
89.6%
Verse 2mā,
87%
Verse 4i
85.7%
Verse 1O
84.4%
Verse 1iwi
80.5%
Verse 2Iwi
80.5%
Verse 5Iwi
80.5%
Verse 1Atua,
75.3%
Verse 1ngā
75.3%
Verse 2ngā
75.3%
Verse 3ngā
75.3%
Verse 3Ngā
75.3%
Verse 1
74%
Verse 4
74%
Verse 1Āta
72.7%
Verse 1
72.7%
Verse 1te
66.2%
Verse 1Aotearoa
66.2%
Verse 2Aotearoa
66.2%
Verse 3te
66.2%
Verse 3ao
66.2%
Verse 3Aotearoa
66.2%
Verse 4te
66.2%
Verse 4ao
66.2%
Verse 4te
66.2%
Verse 4te
66.2%
Verse 4te
66.2%
Verse 4Aotearoa
66.2%
Verse 5te
66.2%
Verse 5Aotearoa
66.2%
Verse 3Ki
64.9%
Verse 1Ihowā
63.6%
Verse 1ko
63.6%
Verse 1pai;
63.6%
Verse 2ko
63.6%
Verse 4Ko
63.6%
Verse 4Ko
63.6%
Verse 5pai
63.6%
Verse 1hua
62.3%
Verse 1Kia
61%
Verse 1Kia
61%
Verse 2Kia
61%
Verse 3mana
61%
Verse 3kia
61%
Hint Answer % Correct
Verse 3kia
61%
Verse 3Kia
61%
Verse 4Kia
61%
Verse 4kia
61%
Verse 5Kia
61%
Verse 5Kia
61%
Verse 1Me
59.7%
Verse 1mai
59.7%
Verse 3mai;
59.7%
Verse 4me
59.7%
Verse 5me
59.7%
Verse 1mātou
55.8%
Verse 1atawhai;
54.5%
Verse 1aroha
53.2%
Verse 1noa
51.9%
Verse 4noa.
51.9%
Verse 5
51.9%
Verse 1tau
50.6%
Verse 1Manaakitia
45.5%
Verse 5Ihowā.
42.9%
Verse 3ū;
37.7%
Verse 1whakarangona;
23.4%
Verse 3rongo
19.5%
Verse 4rongo
19.5%
Verse 2ka
18.2%
Verse 2hē,
16.9%
Verse 3tū!
15.6%
Verse 5tū;
15.6%
Verse 5
15.6%
Verse 2ora
14.3%
Verse 2Ōna
11.7%
Verse 2Māori,
11.7%
Verse 3ai
11.7%
Verse 2Māu
10.4%
Verse 4mau
10.4%
Verse 2Pākehā,
9.1%
Verse 2kē,
9.1%
Verse 3Tōna
9.1%
Verse 3Tōna
9.1%
Verse 3Tōna
9.1%
Verse 4tona
9.1%
Verse 4tōna
9.1%
Verse 5Tōna
9.1%
Verse 5Tōna
9.1%
Verse 2tāngata
7.8%
Verse 2whero,
7.8%
Hint Answer % Correct
Verse 2Nei
7.8%
Verse 3kaha
7.8%
Verse 2mano
6.5%
Verse 2Kiri
6.5%
Verse 2kiri
6.5%
Verse 2Rūpeke
6.5%
Verse 2katoa,
6.5%
Verse 2tono
6.5%
Verse 2mārire
6.5%
Verse 3katoa
6.5%
Verse 3tata
6.5%
Verse 3nui
6.5%
Verse 4Waiho
6.5%
Verse 4takiwā
6.5%
Verse 4mārama;
6.5%
Verse 4kore
6.5%
Verse 4kau;
6.5%
Verse 4Waiho
6.5%
Verse 5pū;
6.5%
Verse 5noho,
6.5%
Verse 2whakaahu
5.2%
Verse 3hei
5.2%
Verse 3pakū
5.2%
Verse 3Aua
5.2%
Verse 3rawa
5.2%
Verse 3whawhai
5.2%
Verse 4whiti
5.2%
Verse 4Taiāwhio
5.2%
Verse 4hae
5.2%
Verse 4ngangau
5.2%
Verse 4Meinga
5.2%
Verse 5rawa,
5.2%
Verse 5hau
5.2%
Verse 5hei
5.2%
Verse 3tutū
3.9%
Verse 3tupu
3.9%
Verse 5toitū
2.6%
Verse 5Tika
2.6%
Verse 5pono
2.6%
Verse 5tāna
2.6%
Verse 5Kaua
2.6%
Verse 5mōna
2.6%
Verse 5ingoa;
2.6%
Verse 5tauira;
2.6%
Verse 5whakamā;
1.3%

You're not logged in!

Compare scores with friends on all Sporcle quizzes.
Join for Free
OR
Log In

You Might Also Like...

Show Comments

Extras

Top Quizzes Today


Score Distribution

Your Account Isn't Verified!

In order to create a playlist on Sporcle, you need to verify the email address you used during registration. Go to your Sporcle Settings to finish the process.

Report this User

Report this user for behavior that violates our Community Guidelines.

Details: